000 01024nam a22002777a 4500
003 BD-DhSAU
005 20161027121335.0
008 160821b2014 bg ||||| |||| 001 0 eng d
040 _aBD-DhSAU
082 _222
_a635
_bAk79
100 _aAkter, Nilufa
_eRegistration # 07-02234
245 _aGrowth and yield of tuberose as influenced by gibberellic acid and potassium /
_bMS thesis
260 _aSher-e-Bangla Agricultural University :
_bDepartment of Horticulture,
_c2014
300 _axii, 92 p. :
_bill. ;
_c30 cm.
500 _aMS thesis of Department of Horticulture, Faculty of Agriculture, Sher-e-Bangla Agricultural University, Dhaka
590 _aMd. Sirajul Islam
650 _aHorticulture
650 _aGrowth
650 _aYield
650 _aTuberose
650 _aAcid
700 _aAkand, Md. Hasanuzzaman
_eSupervisor
700 _aIslam, Md. Nazrul
_eCo-Supervisor
856 _uhttp://archive.saulibrary.edu.bd:8080/handle/123456789/820
_yOnline Access
942 _2ddc
_cTHESIS
999 _c13493
_d13492